| 000 | 01684nam a2200337 a 4500 | ||
|---|---|---|---|
| 001 | BRCA_3152 | ||
| 005 | 20190320204133.0 | ||
| 008 | 110209s1877----fr-a---###---#000-0#fre-u | ||
| 041 | _afre | ||
| 044 | _afr | ||
| 084 |
_a453 _b.H48 _c1877 |
||
| 100 | 1 |
_aCervantes Saavedra, Miguel de _d1547-1616 _9213 |
|
| 245 | 1 | 0 |
_aMichel de Cervantes _bDon Quichotte de la Manche _cMichel de Cervantes. |
| 260 |
_aParís _bJ. Hetzel _c1877 |
||
| 300 |
_aviii, 543 p. _bil. _c28 cm. |
||
| 500 | _aContenido : Primera parte. Prefacio del traductor. Texto. Segunda parte. Texto | ||
| 500 | _aEdición : Editión spéciale á l´usage de la jeunesse par Lucien Biart. Illustrée de 316 dessins par Tony Johannot. Cette édition, spéciale a la jeunesse, est tirée de la traduction compléte de Don Quichotte par M. Lucien Biart, traduction qui paraitra en février 1878 précédée d´une Notice inédite spécialment pour la traduction de M. Biart par Prosper Mérimée | ||
| 500 | _aEjemplar por completo igual al LO-452. Semipiel; lomo decorado con filetes dorados Lúdovik Osterc | ||
| 500 | _aEstado físico : La edición presenta el lomo maltratado | ||
| 500 | _aCon ex-libris de : Melin | ||
| 546 | _aTexto en : francés | ||
| 650 | 1 | 4 |
_aNovela española _yÉpoca clásica, 1500-1700 _9215 |
| 650 | 1 | 4 |
_aLiteratura española _yÉpoca clásica, 1500-1700 _9216 |
| 650 | 1 | 4 |
_aNovela española _ySiglo XVII _9217 |
| 650 | 1 | 4 |
_aDon Quijote (Personaje ficticio) _eNovela _9218 |
| 700 | 1 |
_aBiart, Lucien _d1829-1897 _eTraductor _98516 |
|
| 700 | 1 |
_aJohannot, Tony _d1803-1852 _eIlustrador _98517 |
|
| 740 | 0 | _aEl Ingenioso Hidalgo Don Quijote de la Mancha | |
| 902 | _aQFM | ||
| 942 |
_2lcc _cB |
||
| 999 |
_c2888 _d2888 |
||